Diseño de una caminadora acuática para el Área de Atención Fisioterapéutica Canina del Hospital de Especies Menores y Silvestres de la Universidad Nacional
Guardado en:
| Hovedforfatter: | |
|---|---|
| Andre forfattere: | , , |
| Format: | Ukendt |
| Sprog: | Spanish |
| Udgivet: |
[San José, Costa Rica]
2020
|
| Fag: | |
| Tags: |
Tilføj Tag
Ingen Tags, Vær først til at tagge denne postø!
|
MARC
| LEADER | 00000 a2200000 4500 | ||
|---|---|---|---|
| 003 | 013189 | ||
| 005 | 20230309153722.0 | ||
| 008 | 200224b2020 cr a|||| |||| 00| ||spa d | ||
| 040 | |c cru CEDI | ||
| 100 | |a Araya Arana, Álvaro, 1992- |9 181 | ||
| 245 | |a Diseño de una caminadora acuática para el Área de Atención Fisioterapéutica Canina del Hospital de Especies Menores y Silvestres de la Universidad Nacional | ||
| 260 | |a [San José, Costa Rica] |c 2020 | ||
| 500 | |a Proyecto de graduación (licenciatura en ingeniería mecánica)--Universidad de Costa Rica. Facultad de Ingeniería. Escuela de Ingeniería Mecánica | ||
| 501 | |a Director de Proyecto de Graduación: Ing. Pietro Scaglioni Solano Phd. | ||
| 650 | |x EJERCICIOS ACUATICOS - USO TERAPEUTICO |x PERROS - ENFERMEDADES - TRATAMIENTO |x MEDICINA FISICA |x DISEÑO DE MAQUINAS | ||
| 700 | |a Badilla Montes, Bryan |9 19619 | ||
| 700 | |a Fernández Camacho, Erick |9 19618 | ||
| 700 | |a Scaglioni Solano, Pietro, 1965- |9 182 |d Director del TFG | ||
| 942 | |c CEDI |h TFG 8339 |2 ddc |6 TFG_8339_000000000000000 | ||
| 999 | |c 13016 |d 13016 | ||
